Геохимические черты околожильного метасоматизма в кварцевых диоритах и гранодиоритах очагово-купольной постройки Кедровского золоторудного месторождения (Северное Забайкалье); Ч. 1; Условия залегания и идентификация магматических пород; Известия Томского политехнического университета [Известия ТПУ]; Т. 309, № 2
| Parent link: | Известия Томского политехнического университета [Известия ТПУ]/ Томский политехнический университет (ТПУ).— , 2000- Т. 309, № 2.— 2006.— [С. 41-45] |
|---|---|
| Hovedforfatter: | |
| Summary: | Заглавие с титульного листа Электронная версия печатной публикации Приведены новые геолого-аналитические материалы, раскрывающие пространственно-временные и причинно-следственные связи метасоматических и геохимических ореолов на примере междужильного пространства слабо-золотоносных кварцевых жил Кедровского месторождения, сложенном магматическими породами позднепалеозойской ультраметаморфической очаго-вокупольной постройки. В первой части статьи приведены условия залегания и образования магматических пород, выполнена их идентификация и создана геологическая основа для последующего обсуждения в ее второй части структуры, соотношений и связей околожильных метасоматических и геохимических ореолов. Новыми данными подтверждается установленная ранее прямая зависимость степени металлоносности околорудных геохимических ореолов от степени металлоносности руд. |
| Sprog: | russisk |
| Udgivet: |
2006
|
| Serier: | Естественные науки |
| Fag: | |
| Online adgang: | http://www.lib.tpu.ru/fulltext/v/Bulletin_TPU/2006/v309/i2/09.pdf |
| Format: | MixedMaterials Electronisk Book Chapter |
| KOHA link: | https://koha.lib.tpu.ru/cgi-bin/koha/opac-detail.pl?biblionumber=171161 |
MARC
| LEADER | 00000nla2a2200000 4500 | ||
|---|---|---|---|
| 001 | 171161 | ||
| 005 | 20231031163930.0 | ||
| 035 | |a (RuTPU)RU\TPU\book\185617 | ||
| 035 | |a RU\TPU\book\185610 | ||
| 090 | |a 171161 | ||
| 100 | |a 20091202d2006 k y0rusy50 ca | ||
| 101 | 0 | |a rus | |
| 102 | |a RU | ||
| 135 | |a drnn ---uucaa | ||
| 181 | 0 | |a i | |
| 182 | 0 | |a b | |
| 200 | 1 | |a Геохимические черты околожильного метасоматизма в кварцевых диоритах и гранодиоритах очагово-купольной постройки Кедровского золоторудного месторождения (Северное Забайкалье) |b Электронный ресурс |h Ч. 1 |i Условия залегания и идентификация магматических пород |f И. В. Кучеренко | |
| 203 | |a Текст |c электронный | ||
| 215 | |a 1 файл (916 Кб) | ||
| 225 | 1 | |a Естественные науки | |
| 230 | |a Электронные текстовые данные (1 файл : 916 Кб) | ||
| 300 | |a Заглавие с титульного листа | ||
| 300 | |a Электронная версия печатной публикации | ||
| 320 | |a [Библиогр.: с. 45 (32 назв.)] | ||
| 330 | |a Приведены новые геолого-аналитические материалы, раскрывающие пространственно-временные и причинно-следственные связи метасоматических и геохимических ореолов на примере междужильного пространства слабо-золотоносных кварцевых жил Кедровского месторождения, сложенном магматическими породами позднепалеозойской ультраметаморфической очаго-вокупольной постройки. В первой части статьи приведены условия залегания и образования магматических пород, выполнена их идентификация и создана геологическая основа для последующего обсуждения в ее второй части структуры, соотношений и связей околожильных метасоматических и геохимических ореолов. Новыми данными подтверждается установленная ранее прямая зависимость степени металлоносности околорудных геохимических ореолов от степени металлоносности руд. | ||
| 337 | |a Adobe Reader | ||
| 461 | 1 | |0 (RuTPU)RU\TPU\book\176237 |t Известия Томского политехнического университета [Известия ТПУ] |f Томский политехнический университет (ТПУ) |d 2000- | |
| 463 | 1 | |0 (RuTPU)RU\TPU\book\185599 |t Т. 309, № 2 |v [С. 41-45] |d 2006 |p 288 с. | |
| 610 | 1 | |a геохимические черты | |
| 610 | 1 | |a околожильный метасоматизм | |
| 610 | 1 | |a кварцевые диориты | |
| 610 | 1 | |a гранодиориты | |
| 610 | 1 | |a очагово-купольные постройки | |
| 610 | 1 | |a Кедровское месторождение | |
| 610 | 1 | |a Северное Забайкалье | |
| 610 | 1 | |a геолого-аналитические материалы | |
| 610 | 1 | |a пространственно-временные связи | |
| 610 | 1 | |a причинно-следственные связи | |
| 610 | 1 | |a метасоматические ореолы | |
| 610 | 1 | |a геохимические ореолы | |
| 610 | 1 | |a междужильное пространство | |
| 610 | 1 | |a кварцевые жилы | |
| 610 | 1 | |a магматические породы | |
| 610 | 1 | |a ультраметаморфичесике постройки | |
| 610 | 1 | |a позднепалеозойские постройки | |
| 610 | 1 | |a условия | |
| 610 | 1 | |a залегание | |
| 610 | 1 | |a образование | |
| 610 | 1 | |a идентификация | |
| 610 | 1 | |a геологические основы | |
| 610 | 1 | |a структуры | |
| 610 | 1 | |a соотношения | |
| 610 | 1 | |a данные | |
| 610 | 1 | |a металлоносность | |
| 610 | 1 | |a околорудные ореолы | |
| 610 | 1 | |a геохимические ореолы | |
| 610 | 1 | |a руды | |
| 610 | 1 | |a труды учёных ТПУ | |
| 610 | 1 | |a электронный ресурс | |
| 700 | 1 | |a Кучеренко |b И. В. |c российский геолог |c профессор Томского политехнического университета, доктор геолого-минералогических наук |f 1937- |g Игорь Васильевич |2 stltpush |3 (RuTPU)RU\TPU\pers\13904 | |
| 801 | 1 | |a RU |b 63413507 |c 20090623 |g PSBO | |
| 801 | 2 | |a RU |b 63413507 |c 20211015 |g PSBO | |
| 856 | 4 | |u http://www.lib.tpu.ru/fulltext/v/Bulletin_TPU/2006/v309/i2/09.pdf | |
| 942 | |c CF | ||